000 01078nam a2200265Ia 4500
999 _c39972
_d39972
001 6578
003 GE_BSU
005 20191018122516.0
008 181216s1978||||ge |||||||||||||| ||geo||
040 _cGE_BSU
041 _ageo
080 _a821.353.1-31 ბ-65
100 _aბიბილური, თამაზ
_94829
245 _aჟამი კითხულისა ; ჩივილი :
_bრომანი ; მოთხრობა /
_cთამაზ ბიბილური ; რედ. ლ. არაბიძე ; მხატვ. კარლო ფაჩულია.
264 _aთბილისი :
_bმერანი ;
_c1978.
300 _a473 გვ. ;
_c16 სმ.
541 _h7ლ.
653 _aჟამი კითხულისა
653 _aრომანი
653 _aჩივილი
653 _aმოთხრობა
700 _aარაბიძე, ლ.
_eრედაქტორი
_94164
700 _aფაჩულია, კარლო
_eმხატვარი
_94832
942 _cBK
_2udc